| 000 | 00578nam a22001577a 4500 | ||
|---|---|---|---|
| 082 |
_a621.312 _bHAM |
||
| 100 |
_aHamza Mahmood (329043) _9126316 |
||
| 245 | _aNonlinear Adaptive Barrier Integral Super Twisting Sliding Mode Control of Hybrid Energy Systems in Ship DC Microgrid: Modelling, Management, and Experimental Validation / | ||
| 264 |
_aIslamabad : _bUSPCAS-E, NUST _cSeptember, 2024. |
||
| 300 |
_axiii, 50 p. _e+CD |
||
| 520 | _aTH-582 | ||
| 650 | _aMS EEP Thesis | ||
| 650 |
_aMS Thesis _918721 |
||
| 700 |
_aDr. Hassan Abdullah Khalid _928912 |
||
| 942 |
_2ddc _cTHE |
||
| 999 |
_c612015 _d612015 |
||